El desarrollo social en los niños pequeños: Egocentrismo y Altruismo.

Bibliographic Details
Main Author: Leighton, Carlos
Format: Libro
Language:English
Published: Barcelona, España Gedisa 1992
Edition:1a.ed.
Series:Hombre y sociedad
Subjects:
Online Access:

MARC

LEADER 00000cam a2200000 a 4500
001 001993
003 UAHC_CL
005 20170803115808.0
008 010822b xx j 000 1 eng
020 |a 8474324556 
040 |a UAHC_CL  |c UAHC_CL  |d UAHC_CL 
100 1 |a Leighton, Carlos 
245 1 3 |a El desarrollo social en los niños pequeños: Egocentrismo y Altruismo. 
250 |a 1a.ed. 
260 |b Gedisa  |c 1992  |a Barcelona, España 
300 |a 262 p. 
490 0 |a Hombre y sociedad 
650 4 |a INTERACCION SOCIAL EN NIÑOS 
650 4 |a PERSONALIDAD INFANTIL 
650 4 |a PSICOLOGIA INFANTIL 
650 4 |a DESARROLLO INFANTIL (1» INFANCIA) 
900 |a 155.418 LEI 
942 |c BK 
952 |0 0  |1 0  |4 0  |6 155_418000000000000_LEI  |7 0  |8 General  |9 4573  |a BC  |b BC  |c General  |d 2017-08-03  |l 0  |o 155.418 LEI  |p 1314585  |r 2026-01-07 00:00:00  |t 1  |w 2017-08-03  |y BK 
999 |c 1993  |d 1993